书目信息 |
| 题名: |
营城八汇
|
|
| 作者: | 杨德民 主编 | |
| 分册: | ||
| 出版信息: | 郑州 郑州大学出版社 2020.04 |
|
| 页数: | 212页 | |
| 开本: | 26cm | |
| 丛书名: | ||
| 单 册: | ||
| 中图分类: | TU984.261 | |
| 科图分类: | ||
| 主题词: | 城市规划--cheng shi gui hua--河南 | |
| 电子资源: | ||
| ISBN: | 978-7-5645-6878-8 | |
| 000 | 00922nam0 2200217 450 | |
| 001 | 2051128619 | |
| 005 | 20201107141214.44 | |
| 010 | @a978-7-5645-6878-8@dCNY89.00 | |
| 100 | @a20200616d2020 em y0chiy50 ea | |
| 101 | 0 | @achi |
| 102 | @aCN@b410000 | |
| 105 | @aa z 000yy | |
| 200 | 1 | @a营城八汇@Aying cheng ba hui@f主编杨德民 |
| 210 | @a郑州@c郑州大学出版社@d2020.04 | |
| 215 | @a212页@c彩图@d26cm | |
| 330 | @a本书是对河南省城乡规划设计研究总院2018年举办的8期规划沙龙的整理汇编, 内容涉及规划理论、前言问题、技术共享以及对未来规划发展动向与问题的反思等, 具体包括: 雄安规划经验的启发 ; 城市设计编制的层次与方法 ; 特色小镇特有讲究 ; 乡村振兴与乡村规划 ; 中小城市城中村更新探索 ; 关于空间规划的几点思考 ; 城与水 ; 街道的重塑与治理。 | |
| 606 | 0 | @a城市规划@Acheng shi gui hua@y河南 |
| 690 | @aTU984.261@v5 | |
| 701 | 0 | @a杨德民@Ayang de min@4主编 |
| 801 | 0 | @aCN@b人天书店@c20201005 |
| 905 | @aZUCC@dTU984.261@eY164 | |
| 营城八汇/主编杨德民.-郑州:郑州大学出版社,2020.04 |
| 212页:彩图;26cm |
| ISBN 978-7-5645-6878-8:CNY89.00 |
| 本书是对河南省城乡规划设计研究总院2018年举办的8期规划沙龙的整理汇编, 内容涉及规划理论、前言问题、技术共享以及对未来规划发展动向与问题的反思等, 具体包括: 雄安规划经验的启发 ; 城市设计编制的层次与方法 ; 特色小镇特有讲究 ; 乡村振兴与乡村规划 ; 中小城市城中村更新探索 ; 关于空间规划的几点思考 ; 城与水 ; 街道的重塑与治理。 |
| ● |
| 相关链接 |
|
|
|
正题名:营城八汇
索取号:TU984.261/Y164
 
预约/预借
| 序号 | 登录号 | 条形码 | 馆藏地/架位号 | 状态 | 备注 |
| 1 | 1485734 | 214857341 | 建筑库201/201建筑库 96排2列3层/ [索取号:TU984.261/Y164] | 在馆 | |
| 2 | 1485735 | 214857350 | 建筑库201/201建筑库 96排2列3层/ [索取号:TU984.261/Y164] | 在馆 |